[Event "LN Tolstoy Memorial 2021"]
[Site "Yasnaya Polyana"]
[Date "2021.09.11"]
[Round "2.3"]
[White "Korobov, Anton"]
[Black "Abdusattorov, Nodirbek"]
[Result "1/2-1/2"]
[WhiteElo "2685"]
[BlackElo "2648"]
[Annotator "TA"]
[PlyCount "161"]
[EventDate "2021.09.11"]
[EventType "tourn"]
[EventCountry "RUS"]
[SourceTitle "playchess.com"]
[Source "ChessBase"]
[SourceQuality "1"]

{[%evp 20,161,43,35,67,0,0,0,0,8,0,7,7,-14,0,0,0,0,0,-145,0,-53,-41,-99,-18,
-25,-34,-25,0,0,0,-81,-42,-100,-61,-45,-66,-51,-61,-48,-30,-79,-77,-121,-116,
-120,-125,-127,-85,-136,-136,-134,-129,-169,-169,-169,-169,-169,-169,-172,-172,
-179,-179,-179,-179,-179,-179,-179,-179,-179,-179,-179,-179,-179,-179,-179,
-179,-179,-179,-179,-179,-179,0,-179,-179,-179,-179,-179,-179,-179,-179,-179,
-179,-179,-179,-179,-179,-179,-179,-179,-179,-179,-85,-85,-85,-85,-85,-85,-85,
-85,-85,-85,-85,-85,-85,-85,-85,-85,-85,-85,-85,-85,-85,-85,0,0,0,0,0,0,0,0,0,
0,0,0,0,0,0,0,0,0,0,0]} 1. d4 Nf6 2. c4 c5 3. d5 e6 4. Nc3 exd5 5. cxd5 d6 6.
Nf3 g6 7. Nd2 Bg7 8. e4 O-O 9. Be2 Na6 10. O-O Nc7 11. a4 a6 {A73: Modern
Benoni: Classical: Unusual Black 9th moves.} 12. Rb1 {[#]} (12. Nc4 $14) 12...
Re8 $146 ({Predecessor:} 12... Qe8 13. b4 Nd7 14. Qc2 b6 15. Nc4 Qe7 16. b5 Rb8
17. f4 Ne8 18. Bf3 a5 {1-0 (40) Alber,H (2335)-Haus,V Hessen 1991}) 13. b4 Nd7
14. Qc2 cxb4 15. Rxb4 Nc5 16. Bb2 a5 17. Rb6 N7a6 18. Nc4 {[%mdl 64] [#]
Double Attack} Nb4 19. Qb1 (19. Qd2 $11) 19... Ra6 ({Better is} 19... Bxc3 $17
20. Bxc3 (20. Rxd6 $2 Qe7 $19) 20... Rxe4 21. Rxd6 Qf8) 20. Rxa6 (20. Rb5 $11)
20... bxa6 $15 21. Rd1 (21. Ba1 $15) 21... Bxc3 ({Black should play} 21... f5
$17 {[%cal Rf5e4]} 22. Bf3 Bh8) 22. Bxc3 $11 Nxe4 23. Ba1 Nc3 24. Bxc3 Rxe2 25.
Bd4 (25. Ne3 $11 {remains equal.}) 25... Bf5 26. Qc1 (26. Qa1 $1 $15) 26... Rc2
27. Qh6 {[%csl Gd4][%cal Rh6g7]} Qf8 $40 {[%mdl 128] Black is up to no good.}
28. Qxf8+ Kxf8 29. Nxd6 Bd7 30. Ne4 Nxd5 31. Nf6 {[#]} Nxf6 $1 32. Bxf6 Bxa4
$17 {[%mdl 4096] Endgame KRB-KRB} 33. g4 Rc8 34. Rd8+ (34. Ra1 $142 Rc4 35. h3)
34... Rxd8 35. Bxd8 {KB-KB} Bd1 36. g5 a4 37. Kg2 Ke8 38. Bf6 Kd7 39. Kg3 Ke6
40. Kf4 h6 41. h4 a3 42. Bg7 h5 43. Bf8 a2 44. Bg7 Ba4 45. Ba1 Bc6 46. Bh8 a5
47. Ba1 a4 48. Bh8 a3 49. Ba1 Bb7 50. Bf6 Bc6 51. Ba1 $1 Be8 52. Bf6 Kd5 {
...Kc4 is the strong threat.} 53. Ke3 Kc4 54. Kd2 Kb3 55. Kc1 Bc6 56. Ba1 Bf3
57. Bf6 Bb7 58. Ba1 Bd5 59. Bf6 Bf3 60. Ba1 f5 (60... Bg4 $19 61. Kd2 Kb4 62.
Bc3+ Kc4) 61. gxf6 {Strongly threatening f7.} Bd5 62. Kd2 Bf7 {aiming for ...
g5!} 63. f4 Kc4 64. Ke3 Kd5 65. Kd3 Be8 66. Ke3 Ke6 {And now ...Kf5 would win.}
67. Ke4 Ba4 68. Ke3 Bc2 69. Bc3 Bb3 70. Ke4 Bd5+ (70... Ba4 {seems wilder.} 71.
Kd3 Bb5+ 72. Ke4 Bc4 73. Ba1 Bd5+) 71. Kd4 {Black must now prevent f7!} Kxf6 ({
Black should try} 71... Kd6 $17 72. Bb4+ Ke6) 72. Kxd5+ {KB-KP. The position
is equal.} Kf5 73. Be5 a1=Q (73... Kg4 {is more complex.} 74. Ke4 Kxh4 75. f5
gxf5+ 76. Kxf5 Kh3) 74. Bxa1 Kxf4 $11 {KB-K3P} 75. Kc4 a2 (75... Kg4 $5 76. Bf6
$8 Kf5 $11) 76. Kd3 Kg4 (76... Kg3 $5 77. Bf6 $8 Kf4 $11) 77. Bf6 Kf5 78. Ba1
Kg4 79. Bf6 a1=Q 80. Bxa1 Kxh4 81. Ke3 {Black had all chances to win. 
Weighted Error Value: White=0.18/Black=0.16} 1/2-1/2

[Event "LN Tolstoy Memorial 2021"]
[Site "Yasnaya Polyana"]
[Date "2021.09.11"]
[Round "2.4"]
[White "Gelfand, Boris"]
[Black "Vitiugov, Nikita"]
[Result "1/2-1/2"]
[WhiteElo "2680"]
[BlackElo "2727"]
[Annotator "TA"]
[PlyCount "212"]
[EventDate "2021.09.11"]
[EventType "tourn"]
[EventCountry "RUS"]
[SourceTitle "playchess.com"]
[Source "ChessBase"]
[SourceQuality "1"]

{[%evp 10,212,28,6,0,6,7,0,7,2,6,10,12,10,6,11,7,6,11,4,0,0,0,2,21,0,28,25,23,
-45,-32,-31,-31,-165,-162,-291,-290,-281,-190,-166,-166,-208,-166,-177,-185,
-195,-184,-196,-176,-164,-144,-158,-130,-170,-168,-158,-133,-133,-124,-119,
-125,-129,-128,-132,-131,-139,-132,-168,-161,-197,-111,-142,-122,-131,-118,
-138,0,-8,-8,-8,-9,-184,-182,-178,-160,-270,-250,-262,-254,-262,-248,-214,-28,
-43,-29,-197,-197,-296,-293,-281,-183,-328,-328,-322,-322,-314,-300,-288,-294,
-423,-410,-572,-563,-563,-563,-563,-563,-563,-549,-563,-379,-315,0,-549,0,-541,
-449,-454,0,-479,-454,-563,-315,-308,-308,-577,-577,-631,-631,-631,-608,-631,
-631,-631,-608,-608,-608,-608,-608,-608,-608,-608,-608,-608,-608,-608,-608,
-608,-608,-608,-608,-608,-608,-608,-608,-608,-608,-608,-608,-608,-608,-608,
-608,-608,-608,-608,-608,-631,-602,-631,0,-608,-608,-608,-608,-608,-608,-608,
-608,-608,0,-608,-562,-562,-449,-449,-449,-449,-449,-449,-449,-449,-8,-8,-8]} 
1. d4 Nf6 2. c4 e6 3. Nf3 d5 4. g3 dxc4 5. Bg2 a6 6. Ne5 Bb4+ {E04: Open
Catalan: 5 Nf3.} 7. Nc3 {Qa4+ is the strong threat.} Nd5 8. O-O O-O 9. Ne4 b5
10. b3 cxb3 11. axb3 Bb7 12. Qc2 h6 13. Nd3 Nd7 14. Bb2 {[#]} a5 $146 ({
Predecessor:} 14... Be7 15. Nec5 Nxc5 16. dxc5 Bf6 17. c6 Bc8 18. Bxf6 Qxf6 19.
Rfc1 Nb6 20. Qc5 Rd8 {0-1 (89) Gelfand,B (2684)-Esipenko,A (2642) Moscow 2019})
15. Ra2 Qe7 16. Rfa1 Ra6 (16... Rfc8 {keeps more tension.} 17. Qd1 c5 18. dxc5
Nxc5 19. Nexc5 Bxc5 20. Nxc5 Qxc5 21. Rxa5 Rxa5 22. Rxa5 Qc2) 17. Nc3 (17. Ba3
{feels hotter.} c6 18. Ndc5 Nxc5 19. Nxc5 Raa8 20. Bxd5 Bxa3 21. Bf3) 17...
Bxc3 (17... Rc6 {looks sharper.} 18. Nxd5 exd5 19. Qd1 Nf6 20. Ba3 Ne4) 18.
Bxc3 Nxc3 19. Bxb7 (19. Qxc3 $11 Bxg2 20. Kxg2) 19... Nxa2 $15 20. Bxa6 Nb4 {
[%mdl 64] Double Attack} 21. Qxc7 (21. Nxb4 $15 Qxb4 22. Qxc7 Qxd4 23. Rc1)
21... Nxa6 $19 22. Qb7 (22. Qxa5 $142 Nab8 23. Qxb5) 22... Qd6 23. Rxa5 Nab8 (
23... Qxd4 24. Qxa6 b4 25. Qa7 $16) 24. e3 Qc6 25. Rxb5 Rc8 26. b4 Kf8 27. Nc5
Ke8 28. Kf1 Qxb7 29. Rxb7 Rc6 30. Ke2 Rb6 31. Kd2 Rxb7 32. Nxb7 Nb6 33. b5 Kd7
34. Kc3 Kc7 35. Nc5 N8d7 36. e4 Nf6 37. f3 g5 38. Kd3 Ne8 39. Na6+ Kd7 (39...
Kd8 $19 40. Nb4 Nd6 41. Nc6+ Kc7) 40. Kc3 Nd6 41. Kb4 h5 42. Kc5 Na4+ (42...
Nbc8 $1 $17 {And now ...g4 would win.} 43. e5 Nb7+ 44. Kc4 Nb6+ 45. Kd3 Nd5)
43. Kb4 $11 Nb2 {aiming for ...Nd3+.} 44. Nc5+ Kc7 45. Kc3 $2 (45. g4 $11 {
and White stays safe.} hxg4 46. fxg4) 45... Nd1+ $19 ({Don't play} 45... Nxb5+
46. Kxb2 Nxd4 47. f4 $17) 46. Kd2 Nf2 ({Weaker is} 46... Nxb5 47. Kxd1 Nxd4 48.
f4 $11) 47. Ke2 (47. b6+ $17 Kxb6 48. Ke3 Nd1+ 49. Kd2) 47... Nh3 ({Stronger
than} 47... Nxb5 48. Kxf2 Nxd4 49. e5 $16) 48. b6+ Kxb6 49. Nd7+ {[#]} Kb5 $1
50. Nf6 g4 $2 (50... Kc4 $19 51. d5 exd5 52. exd5 Kd4 53. Nxh5 Ne8) 51. fxg4
$11 hxg4 {Strongly threatening ...Kc4.} 52. e5 $2 (52. Kd3 $11) 52... Nf5 $19
53. d5 (53. Kd3 $142) 53... exd5 54. Nxd5 Ng1+ 55. Kf2 (55. Kd3 $142) 55... Nf3
56. h3 Nxe5 57. hxg4 {[#]} Kc5 $1 58. Nf6 Nh6 59. Ne4+ (59. g5 {only move.} Nf5
60. Ng8) 59... Kd5 60. Ng5 Nhxg4+ 61. Ke2 f5 62. Nh3 {If only White now had
time for Nf4+....} Ng6 63. Kf3 Ke5 64. Ng5 Nh6 65. Ke3 Ng4+ 66. Kf3 Kd5 $2 (
66... Nf8 $19 {Hoping for ...Ne6.} 67. Nf7+ Ke6) 67. Nh7 $2 {[%mdl 8192]} (67.
Nh3 $1 $11 {and White is okay.} Kd4 68. Ng1) 67... Kd4 68. Ng5 {White hopes to
continue with Ne6+.} Kd5 $2 (68... N4e5+ $19 69. Kf2 Nf8) 69. Nh7 $2 {[%mdl
8192]} (69. Nh3 $11 Kd4 70. Kg2) 69... N4e5+ 70. Ke3 {If White can now play
Nf6+ this consolidates a bit.} Nf7 71. Nf6+ Ke6 72. Nh5 $2 (72. Ne8 Ke5 73. Ng7
) 72... Ke5 73. Ng7 Ne7 74. Kd3 Ng5 75. Kc4 Ne6 76. Nxf5 Nxf5 77. g4 Nd6+ 78.
Kb4 Ng5 79. Kc5 Ke6 80. Kd4 Nde4 81. Kc4 Ke5 82. Kb5 Kd5 83. Kb6 Nd6 84. Kc7
Nc4 85. Kd7 Nb6+ 86. Ke7 Ke5 87. Kf8 Kf6 88. Ke8 Ke6 89. Kf8 Nd5 90. Kg7 Ke5
91. Kh6 Kf6 92. Kh5 Nf4+ 93. Kh6 Nf7+ 94. Kh7 Ng5+ 95. Kh6 $1 Ne2 96. Kh5 Ng3+
97. Kh4 N3e4 98. Kh5 Kf7 99. Kh6 Kf6 100. Kh5 Nf3 101. g5+ Kf5 102. g6 Nf6+
103. Kh6 Ne5 104. Kg7 Nfd7 105. Kh8 {[#]} Kf6 $2 ({Black should play} 105...
Ke6 $1 $19 106. Kh7 Nf6+ 107. Kh6 Ke7) 106. g7 $11 Ng6+ {Weighted Error Value:
White=0.38/Black=0.20} 1/2-1/2

[Event "LN Tolstoy Memorial 2021"]
[Site "Yasnaya Polyana"]
[Date "2021.09.11"]
[Round "2.5"]
[White "Alekseenko, Kirill"]
[Black "Giri, Anish"]
[Result "0-1"]
[WhiteElo "2693"]
[BlackElo "2777"]
[Annotator "TA"]
[PlyCount "142"]
[EventDate "2021.09.11"]
[EventType "tourn"]
[EventCountry "RUS"]
[SourceTitle "playchess.com"]
[Source "ChessBase"]
[SourceQuality "1"]

{[%evp 16,142,20,1,6,0,6,8,12,1,0,0,6,8,14,15,34,22,23,12,36,12,54,22,69,77,72,
68,76,58,90,97,104,112,108,13,7,0,0,0,0,0,0,0,0,0,0,0,0,0,0,0,0,0,0,-82,-82,
-82,-82,-115,-106,-115,-111,-111,-93,-91,-68,-70,-60,-60,-62,-59,-60,-67,-73,
-71,-66,-90,-87,-99,-47,-117,-129,-147,-137,-386,-382,-357,-267,-510,-510,-498,
-470,-595,0,0,0,0,0,0,0,0,0,0,0,0,0,0,0,0,0,0,0,0,0,0,0,-29976,-29976,-29976,
-29977,-29990,-29991,-29991,-29992,-29992,-29993,-29993,-29994]} 1. e4 c5 2.
Nf3 d6 3. d4 cxd4 4. Nxd4 Nf6 5. Nc3 a6 6. Be2 e5 7. Nb3 Be7 8. O-O O-O 9. Re1
Be6 {B92: Sicilian Najdorf: 6 Be2.} 10. Bf3 Qc7 11. a4 Rc8 {The position is
equal.} 12. h3 h6 13. Be3 Nbd7 14. a5 Rab8 $5 {[%mdl 4] [#] Exploring less
charted territory.} 15. Re2 $146 ({Predecessor:} 15. Qb1 b5 16. axb6 Nxb6 17.
Rxa6 Nc4 18. Bc1 Qb7 19. Ra1 Bd8 20. Ra4 Bb6 21. Re2 {1/2-1/2 (36) Bracker,F 
(2391)-Wachinger,N (2355) Prague 2021}) 15... Qc6 16. Nd5 Bd8 17. c3 Bxd5 18.
exd5 Qc4 19. Re1 b5 20. axb6 Bxb6 21. Bxb6 Rxb6 22. Na5 {[%cal Ra5c4]} Qc7 23.
Qd2 $1 Re8 24. Be2 Nc5 {[%cal Bd7c5,Bc5e4,Be4d2][%mdl 32]} 25. Bf1 ({White
should try} 25. Ra3 $16) 25... Reb8 $11 26. b4 Nce4 {[%mdl 64] Double Attack}
27. Qd3 Qxc3 28. Nc6 Ra8 {White must now prevent ...Qxd3.} 29. Rec1 Qxd3 30.
Bxd3 Nd2 31. Rc2 Nb3 ({Much worse is} 31... Nxd5 $6 32. Rxd2 Rxc6 33. Be4 $16)
32. Ra3 Nd4 33. Nxd4 exd4 34. b5 {[%cal Rb5a6]} Nxd5 {Threatens to win with ...
Nb4.} 35. Be4 (35. bxa6 $11 Rb1+ 36. Kh2) 35... Rxb5 $17 36. Rxa6 Re8 37. Bxd5
Rxd5 {[%mdl 4096] Endgame KRR-KRR} 38. Rd2 Re1+ 39. Kh2 g5 40. Ra4 Re4 41. f3
Rf4 42. Rd3 Kf8 43. g3 Rff5 44. Raxd4 Rxd4 45. Rxd4 $15 {KR-KR} Ke7 46. f4 gxf4
47. gxf4 Ke6 (47... Rc5 $17 48. Kg3 Ke6) 48. Kg3 ({Better is} 48. Re4+ $1 $15
Kd7 49. Kg3) 48... Rd5 $17 49. Re4+ Kf5 50. Re3 {[#]} (50. Re7 $17) 50... f6 $1
$19 51. Ra3 Rd4 52. Ra5+ $2 (52. Ra7 {was necessary.}) 52... d5 53. Rb5 Rd3+
54. Kh4 Kxf4 $2 (54... Ke4 $19 55. Rb6 f5 56. Rxh6 Kxf4) 55. Rxd5 $1 $11 Ke4 (
55... Re3 {with more complications.} 56. Rh5 f5 57. Rxh6 Re8 58. Kh5 Kf3) 56.
Rh5 f5 (56... Rb3 {keeps more tension.} 57. Rxh6 Kf5 58. Rh7 Kf4 59. Ra7 Rb4)
57. Rxh6 f4 58. Re6+ Kf5 (58... Kf3 {feels hotter.} 59. Ra6 Rc3 60. Ra1 Re3 61.
Ra4 Re7) 59. Re8 Rd7 {[%cal Rd7h7]} (59... Ra3 {seems wilder.} 60. Rb8 Re3 61.
Ra8 Ke4 62. Kg4 Rg3+) 60. Rf8+ Ke4 61. Kg5 Rg7+ 62. Kh6 Rg3 63. h4 f3 64. h5
Rg4 65. Re8+ Kf4 66. Kh7 $2 {[%mdl 8192] [#]} (66. Re1 $11) 66... Rg5 $1 {
Black mates.} 67. Rf8+ Rf5 68. Rxf5+ Kxf5 69. Kg7 f2 70. h6 f1=Q 71. h7 Qa1+ {
Weighted Error Value: White=0.21/Black=0.14} 0-1

[Event "LN Tolstoy Memorial 2021"]
[Site "Yasnaya Polyana"]
[Date "2021.09.11"]
[Round "3.1"]
[White "Giri, Anish"]
[Black "Matlakov, Maxim"]
[Result "1-0"]
[WhiteElo "2777"]
[BlackElo "2683"]
[Annotator "TA"]
[PlyCount "67"]
[EventDate "2021.09.11"]
[EventType "tourn"]
[EventCountry "RUS"]
[SourceTitle "playchess.com"]
[Source "ChessBase"]
[SourceQuality "1"]

{[%evp 11,67,18,22,22,25,17,26,0,27,27,33,12,13,24,19,22,20,12,19,16,36,37,53,
36,54,55,54,45,53,45,52,46,52,52,108,105,87,69,66,36,58,50,49,30,64,61,93,25,
178,181,175,173,243,238,477,454,1070,1018]} 1. e4 e5 2. Nf3 Nc6 3. Bc4 Nf6 4.
d3 Bc5 5. O-O d6 6. c3 a6 7. Re1 {7.a4 gains popularity. C54: Giuoco Piano: 4
c3 Nf6, main lines with 5 d4 and 5 d3.} Ba7 8. Nbd2 O-O 9. Nf1 {White has an
edge.} h6 10. a4 Re8 11. Be3 Bxe3 12. Nxe3 Be6 13. Bxe6 Rxe6 14. b4 {[%cal
Bb2b4,Bb4b5][%mdl 32]} Qd7 {[#]} 15. Qc2 $146 ({Predecessor:} 15. b5 axb5 16.
axb5 Rxa1 17. Qxa1 Nd8 18. c4 Re8 19. Qa7 b6 20. Nd5 Nxd5 21. cxd5 Qxb5 22.
Qxc7 {1-0 (63) Pichot,A (2630)-Perez,R (2240) Chess.com INT 2020}) 15... a5 16.
b5 Ne7 17. g3 Re8 18. c4 Qd8 19. Rad1 Ng6 20. Nf5 Qb8 21. Rc1 Nd7 22. d4 exd4 (
22... b6 $14) 23. N3xd4 $16 Rf6 24. Kg2 Nc5 25. Re3 Nf8 26. Rce1 Nfe6 27. e5
dxe5 28. Rxe5 Qd8 29. Qd1 (29. Rd5 $16 Qc8 30. Nxe6 Nxe6 31. Kg1) 29... b6 $2 {
[#] This costs Black the game.} (29... Kh7 $11) 30. Rd5 $18 Qa8 31. Nc6 Kf8 (
31... Kh8 $142 32. Kg1 Nb7) 32. Kg1 Qc8 $2 (32... Nb7 {keeps fighting.} 33. Re3
Nbc5) 33. Qc2 {Hoping for Nfe7!} Nd7 {[#]} (33... Qa8 $142 34. Nd6 Nd4 35.
Rxe8+ Qxe8 36. Nxe8 Nxc2) 34. Nd6 $1 {[%mdl 512] Weighted Error Value: White=0.
13/Black=0.33} 1-0

[Event "LN Tolstoy Memorial 2021"]
[Site "Yasnaya Polyana"]
[Date "2021.09.11"]
[Round "3.2"]
[White "Vitiugov, Nikita"]
[Black "Alekseenko, Kirill"]
[Result "0-1"]
[WhiteElo "2727"]
[BlackElo "2693"]
[Annotator "TA"]
[PlyCount "62"]
[EventDate "2021.09.11"]
[EventType "tourn"]
[EventCountry "RUS"]
[SourceTitle "playchess.com"]
[Source "ChessBase"]
[SourceQuality "1"]

{[%evp 10,62,60,30,32,39,60,55,60,49,45,46,55,38,47,39,41,41,49,30,35,28,27,0,
0,0,35,33,57,58,47,18,22,6,8,6,18,7,15,0,37,0,0,-21,-22,-63,-62,-139,-139,-162,
-156,-458,-459,-845,-841]} 1. e4 e5 2. Nf3 Nc6 3. Bb5 a6 4. Ba4 d6 5. O-O Bd7
6. c4 Nge7 {C72: Ruy Lopez: Deferred Steinitz: 5 0-0.} 7. Nc3 Ng6 8. d4 Be7 {
White is slightly better.} 9. d5 {has lost popularity (9.Be3).} Nb8 {[%cal
Bc6b8,Bb8d7,Bd7f6,Bf6h5,Bh5f4][%mdl 32]} 10. Be3 h6 11. b4 O-O 12. Bxd7 Nxd7
13. Qc2 {[#]} Nf6 $146 ({Predecessor:} 13... Nh4 14. Nxh4 Bxh4 15. c5 Bg5 16.
Bxg5 Qxg5 17. Na4 Nf6 18. Rac1 Nh5 {0-1 (44) Pavic,F (2255)-Dai,C (2503)
Tornelo INT 2020}) 14. h3 Nh5 15. c5 Qd7 16. Qa4 Qc8 17. c6 b6 18. Qc2 Nhf4 19.
Kh2 f5 20. Bxf4 Nxf4 21. Nd2 fxe4 22. Ndxe4 Qf5 23. f3 (23. a4 {is more
complex.} a5 24. b5 Rf7 25. Rae1 Raf8 26. Qd2) 23... Ng6 24. g3 Rf7 25. Qf2
Raf8 {[%cal Rf5f3]} 26. Kg2 Bd8 27. a3 Ne7 28. Qe2 {[#]} (28. Rad1 $1 $15)
28... Qg6 $1 $17 29. Kh2 {[#]} Nf5 $1 30. Qd3 $2 {[#]} (30. f4 $17 {is a
better chance.}) 30... Nxg3 $1 $19 {[%mdl 576] Pin} 31. Rg1 (31. Ne2 $142 Nxf1+
32. Rxf1) 31... Rxf3 {Weighted Error Value: White=0.43/Black=0.06} 0-1

[Event "LN Tolstoy Memorial 2021"]
[Site "Yasnaya Polyana"]
[Date "2021.09.11"]
[Round "3.3"]
[White "Abdusattorov, Nodirbek"]
[Black "Gelfand, Boris"]
[Result "0-1"]
[WhiteElo "2648"]
[BlackElo "2680"]
[Annotator "TA"]
[PlyCount "132"]
[EventDate "2021.09.11"]
[EventType "tourn"]
[EventCountry "RUS"]
[SourceTitle "playchess.com"]
[Source "ChessBase"]
[SourceQuality "1"]

{[%evp 10,132,0,-4,20,9,15,15,21,16,21,19,15,21,19,12,9,6,10,6,25,12,17,2,17,
-4,0,0,0,0,0,0,0,0,0,-22,-7,-31,-12,-12,-12,-12,-16,0,-13,-13,-12,-18,0,0,0,0,
0,0,0,0,0,0,0,0,0,0,0,0,0,0,0,0,0,0,0,0,0,0,0,0,0,0,0,0,0,0,0,0,0,0,0,-39,-39,
-58,-27,-466,-410,-406,-176,-604,-601,-452,-621,-545,-544,-506,-444,-1698,
-1593,-12841,-12842,-12842,-12843,-12842,-12836,-12836,-12837,-12843,-12843,
-12845,-12846,-12846,-12847,-12848,-12848,-12849,-12849,-12850,-12850]} 1. d4
Nf6 2. c4 e6 3. Nc3 Bb4 4. Qc2 O-O 5. Nf3 d5 6. Bg5 h6 {E32: Nimzo-Indian:
Classical (4 Qc2): 4...0-0.} (6... c5 {looks sharper.} 7. dxc5 h6 8. Bh4 Nbd7
9. cxd5 exd5 10. e3 g5) 7. Bxf6 {is now more promising than 7.Bh4.} Qxf6 8. a3
Bxc3+ {The position is equal.} 9. Qxc3 dxc4 10. Qxc4 Nc6 11. Rd1 Re8 12. Qc3 e5
13. d5 Nb8 {[%cal Bc6b8,Bb8d7,Bd7f6][%mdl 32]} 14. e3 Bg4 15. Be2 Nd7 16. O-O
Bxf3 {[#]} 17. gxf3 $146 ({Predecessor:} 17. Bxf3 e4 18. Qxc7 exf3 19. Qxd7
fxg2 20. Rfe1 Qxb2 21. Rb1 Qxa3 22. Rxb7 Rf8 23. e4 {1/2-1/2 (36) Shankland,S 
(2709)-Nakamura,H (2736) Saint Louis 2021}) 17... Qd6 18. Rc1 Rac8 19. Qa5 a6
20. Rfd1 Nf6 21. Bf1 Re7 22. Rc4 Rd8 23. Qc5 Qxc5 24. Rxc5 Red7 {[%cal Rf6d5]}
25. Bh3 $1 {[%cal Rh3d7]} Rxd5 26. Rcxd5 Rxd5 (26... Nxd5 $2 {too greedy.} 27.
e4 $18) 27. Rxd5 Nxd5 $11 {[%mdl 4096] Endgame KB-KN} 28. Bc8 a5 29. Bxb7 Nb6
30. Kf1 Nc4 31. b4 $1 {next Ba6 is good for White.} axb4 32. axb4 Kf8 33. Ke2
Ke7 34. f4 exf4 35. exf4 Ke6 36. Kd3 Nd6 37. Bg2 Ke7 38. Bd5 Ne8 39. Kd4 Nf6
40. Bf3 Kd6 41. h4 Nd7 42. b5 Nf8 43. f5 Nd7 44. Bd5 f6 45. f4 Nc5 46. Bg8 (46.
Bf7 {feels hotter.} Nb7 47. Bd5 Nc5) 46... Nd7 47. Bf7 Nc5 48. Be8 (48. Bg8 {
is interesting.}) 48... Nb3+ 49. Kc3 $1 {[%cal Rc3b3]} Nc1 {Strongly
threatening ...Kc5.} 50. Kd2 $2 {[%mdl 8192] White does not recover from this.}
(50. Kd4 $1 $11 {and White is okay.}) 50... Na2 $1 $19 51. Ke3 Kc5 52. Kf3 $2 (
52. Ke4) 52... Nc3 {Black is clearly winning.} 53. Kg4 Nxb5 54. Kh5 {[#]} Nd4
$1 55. Kg6 Kd6 56. Kxg7 (56. Bf7 $142 Ke7 57. Bd5) 56... Ke7 57. Bg6 h5 $1 58.
Bh7 c5 59. Bg8 Ne2 60. Bc4 Nxf4 61. Bf1 Nd5 62. Be2 {[#]} Ne3 $1 {[%cal Re3f5]}
63. Kg6 c4 64. Kxh5 c3 {( -> ...c2)} 65. Bd3 Kf7 66. Kh6 c2 {Weighted Error
Value: White=0.51/Black=0.02} 0-1

[Event "LN Tolstoy Memorial 2021"]
[Site "Yasnaya Polyana"]
[Date "2021.09.11"]
[Round "3.4"]
[White "Andreikin, Dmitry"]
[Black "Korobov, Anton"]
[Result "0-1"]
[WhiteElo "2728"]
[BlackElo "2685"]
[Annotator "TA"]
[PlyCount "56"]
[EventDate "2021.09.11"]
[EventType "tourn"]
[EventCountry "RUS"]
[SourceTitle "playchess.com"]
[Source "ChessBase"]
[SourceQuality "1"]

{[%evp 11,55,4,40,22,46,36,54,39,43,31,24,25,27,16,22,11,49,-25,-8,-50,-58,-57,
-62,-119,-152,-172,-200,-194,-185,-518,-543,-694,-733,-1038,-993,-1108,-991,
-1369,-1179,-1464,-1458,-1486,-1430,-29998,-29999,-29999]} 1. e4 c5 2. Nc3 d6
3. Nge2 Nf6 4. h3 Nc6 5. d4 cxd4 6. Nxd4 a6 7. g4 {B90: Sicilian Najdorf:
Unusual White 6th moves, 6 Be3 Ng4 and 6 Be3 e5.} Qb6 8. Nb3 e6 9. g5 {White
is slightly better.} Nd7 10. h4 Qc7 11. f4 b5 {[#]} 12. a3 $146 ({Predecessor:
} 12. Be3 Nb6 13. Bd3 Be7 14. Qe2 Rb8 15. O-O Na4 16. Nxa4 bxa4 17. Nd2 Rxb2
18. Nc4 {1/2-1/2 (31) Vallejo Pons,F (2709)-Zhao,J (2601) China 2018}) 12...
Be7 13. Bg2 Bb7 14. h5 ({White should try} 14. Qe2 $14) 14... h6 $11 15. g6 O-O
16. Be3 Nb6 17. gxf7+ (17. Qd3 $15) 17... Rxf7 $17 18. Bh3 {[#]} Bh4+ $1 19.
Ke2 {[#]} Re8 20. Nd2 $2 (20. Bxe6 {is more resistant.} Rxe6 21. Bxb6) 20... d5
$19 21. Nf3 {[#]} Nc4 22. Nxh4 (22. Bxe6 Rxe6) 22... Nxe3 23. Qg1 Nxc2 24. Rf1
d4 25. Nd1 d3+ 26. Kd2 N6d4 {( -> ...Nb3+)} 27. Qg6 Nb3+ 28. Kxd3 Qc4# {
Weighted Error Value: White=1.04/Black=0.20} 0-1